Govt. of
Madhya Pradesh

The Tilak Case (Record no. 68507)

MARC details
000 -LEADER
fixed length control field 00257nam a22001097a 4500
082 ## - DEWEY DECIMAL CLASSIFICATION NUMBER
Classification number 340/GOk
100 ## - MAIN ENTRY--AUTHOR NAME
Personal name Gokhle,D.V.
245 ## - TITLE STATEMENT
Title The Tilak Case
260 ## - PUBLICATION, DISTRIBUTION, ETC. (IMPRINT)
Place of publication Kolkata
Name of publisher Institute of social and cultural studies
Year of publication 2022
650 ## - SUBJECT ADDED ENTRY--TOPICAL TERM
Topical Term LAW
942 ## - ADDED ENTRY ELEMENTS (KOHA)
Koha item type Books
Holdings
Withdrawn status Lost status Damaged status Not for loan Home library Current library Date acquired Cost, normal purchase price Full call number Accession Number Price effective from Koha item type
        MACL MACL 27/12/2025 350.00 340/GOk CRE040355 27/12/2025 Books